Marketing Research (Record no. 26016)

MARC details
000 -LEADER
fixed length control field 00446nam a22001937a 4500
005 - DATE AND TIME OF LATEST TRANSACTION
control field 20230717113556.0
008 - FIXED-LENGTH DATA ELEMENTS--GENERAL INFORMATION
fixed length control field 230717b |||||||| |||| 00| 0 eng d
020 ## - INTERNATIONAL STANDARD BOOK NUMBER
ISBN 9780071321082
082 ## - DEWEY DECIMAL CLASSIFICATION NUMBER
Classification number 658.054
Item number BOY-M
100 ## - MAIN ENTRY--AUTHOR
Author Name Boyce,John
245 ## - TITLE STATEMENT
Title Marketing Research
250 ## - EDITION STATEMENT
Edition statement 2nd.ed
260 ## - PUBLICATION, DISTRIBUTION, ETC.
Place of Publication INDIA
Name of publisher, distributor, etc. McGrawHill
Date of publication, distribution, etc. 2011
300 ## - PHYSICAL DESCRIPTION
Pages 599
500 ## - GENERAL NOTE
General note include index
650 ## - SUBJECT ADDED ENTRY--TOPICAL TERM
Subject / Department management
700 ## - ADDED ENTRY--PERSONAL NAME
Personal name John,Boyce
952 ## - LOCATION AND ITEM INFORMATION (KOHA)
-- 0
-- 0
Holdings
Lost status Damaged status Permanent Location Current Location Shelving Location Date acquired Full Call Number Accession No./Barcode Date last seen item type
    Superior Information Resource Center (SIRC) Superior University- Main Campus Superior Information Resource Center (SIRC) Superior University- Main Campus Engineering 07/17/2023 658.054 BOY-M 2011 20097 07/17/2023 BOOK

Powered by Koha